| 000 | 00773cam a22002535a 4500 | ||
|---|---|---|---|
| 001 | 009393177 | ||
| 005 | 20201128021407.0 | ||
| 008 | 021112s2000 ctua frb f001 ||eng d | ||
| 020 | _a9780300084559 | ||
| 040 |
_aStDuBDS _dUk _dEG-ScBUE _beng |
||
| 082 | 0 | 4 |
_a321.8 _222 _bDAH |
| 100 | 1 |
_aDahl, Robert A., _939188 _d1915-2014 |
|
| 245 | 1 | 0 |
_aOn democracy / _cRobert A. Dahl. |
| 260 |
_aNew Haven ; _aLondon : _bYale University Press, _c2000. |
||
| 300 |
_av, 217 p. : _bill. ; _c20 cm. |
||
| 490 | 0 | _aYale nota bene. | |
| 500 | _aIndex : p. 215-217. | ||
| 504 | _aIncludes bibliographical references. | ||
| 650 | 7 |
_aDemocracy. _2BUEsh _93166 |
|
| 650 | 7 |
_aPolitical Science _9684 _xPhilosophy. _2BUEsh |
|
| 651 | _2BUEsh | ||
| 653 |
_bBUSBOL _cJanuary2016 |
||
| 942 | _2ddc | ||
| 999 |
_c20150 _d20122 |
||